01355 2200301 4500001002100000005001500021035002000036008004100056020002200097041000800119082001100127084001700138100001900155245003900174250001200213260005400225300003700279500002600316520047000342650005600812650004100868990002400909990002400933990002400957990002400981990002401005990002401029INLIS00000000000829820221111124344 a0010-0520008298221111 | | eng  a978-0-495-80884-8 aeng a364.36 a364.36 HES j0 aHess, Kären M1 aJuvenile Justice /cKären M. Hess a5th Ed. aBelmont, CA. :bWadsworth Cengage Learning,c2010 axxiv, 462 p. :b: foto ;c27 cm. aIndeks : p. 452 - 462 aA highly accessible, student-friendly text, JUVENILE JUSTICE, International Edition, offers a practical and comprehensive look at the juvenile justice system. The text explores various programs and processes that exist in today's field, including prevention efforts through school and community-based programs. The fifth edition delivers expanded coverage of measurement, victimization, diversity, gangs, future trends in the field, cutting-edge policies, and more. 4aJuvenile justice, Administration of - United States 4aJuvenile delinquency - United States a18641/MKRI-P/X-2010 a18642/MKRI-P/X-2010 a18641/MKRI-P/X-2010 a18642/MKRI-P/X-2010 a18642/MKRI-P/X-2010 a18641/MKRI-P/X-2010